000 00818nam a2200229 a 4500
001 40044
003 BD-RjUL
005 20211209053126.0
008 161108s2010 bg ||||| |||| 00| 0 ben d
020 _a9840748807
_c: Tk.200.00
035 _a(BD-RjUL)40159
040 _aBD-RjUL
_bben
_cBD-RjUL
_dBD-RjUL
041 _aben
082 _223
_a370.72
_bSAS 2010
100 _aসামাদ, মোঃ আবদুস
_9162905
245 1 0 _aশিক্ষা ও গবেষণা /
_cমোঃ আবদুস সামাদ
260 _aঢাকা :
_bবাংলা একাডেমী,
_c২০১০
300 _a৩৫১ পৃ. :
_bচিত্র ;
_c২৩ সেমি
650 _aশিক্ষা গবেষণা
_9118327
650 _aEducation Research
_9121767
942 _2ddc
_cBK
_01
999 _c40044
_d40044